Redes de computación (Registro nro. 4580)
[ vista simple ]
| 000 -CABECERA | |
|---|---|
| campo de control de longitud fija | 00458aam a2200193 4500 |
| 005 - FECHA Y HORA DE ACTUALIZACIÓN | |
| campo de control | 20161121173405.0 |
| 008 - LONGITUD FIJA | |
| campo de control de longitud fija | 150413b xxu||||| |||| 00| 0 spa d |
| 041 ## - IDIOMA | |
| Código de idioma del texto/pista de sonido o título separado | |
| 082 ## - CLASIFICACIÓN DECIMAL DEWEY | |
| Número de clasificación | 004.65 T164r |
| 100 ## - AUTOR PERSONAL | |
| Nombre de persona | Tanenbaum, Andrew S |
| 245 ## - TÍTULO PROPIAMENTE DICHO | |
| Título | Redes de computación |
| 250 ## - EDICIÓN | |
| Mención de edición | 2 edición |
| 260 ## - PIE DE IMPRENTA | |
| Lugar de publicación, distribución, etc. | México |
| 260 ## - PIE DE IMPRENTA | |
| Nombre del editor, distribuidor, etc. | Prentice-Hall |
| 260 ## - PIE DE IMPRENTA | |
| Fecha de publicación, distribución, etc. | 1997 |
| 300 ## - DESCRIPCIÓN FÍSICA | |
| Extensión | 813 páginas |
| 650 ## - Materia General | |
| Materia general | REDES DE COMPUTADORES |
| 942 ## - Punto de Acceso Adicional Koha | |
| Tipo de ítem Koha | Libro |
| Estado perdido | Estado dañado | No para préstamo | Biblioteca permanente | Biblioteca actual | Signatura completa | Precio efectivo a partir del | Tipo de ítem |
|---|---|---|---|---|---|---|---|
| Departamento de Biblioteca y Documentación Alfonso Chase Brenes | Departamento de Biblioteca y Documentación Alfonso Chase Brenes | 004.65 T164r | 15/12/2016 | Libro |